Normal view
MARC view
- SPANGLER,G.MERLIN HANDY L.RICHARD
Entry Personal Name
001 - CONTROL NUMBER
- control field: 90184
003 - CONTROL NUMBER IDENTIFIER
- control field: NUST
005 - DATE AND TIME OF LATEST TRANSACTION
- control field: 20220303124942.0
008 - FIXED-LENGTH DATA ELEMENTS
- fixed length control field: 220303|| aca||aabn | a|a d
040 ## - CATALOGING SOURCE
- Original cataloging agency: NUST
- Transcribing agency: NUST
100 ## - HEADING--PERSONAL NAME
- Personal name: SPANGLER,G.MERLIN HANDY L.RICHARD
670 ## - SOURCE DATA FOUND
- Source citation: Work cat.: (NUST): SPANGLER,G.MERLIN HANDY L.RICHARD., GEOTECHNICAL ENGINEERING SOIL AND FOUNDATION PRINCIPLES AND PRACTICE /, 2007.
